Estadísticas para Letra del himno nacional de EE. UU. : "The Star Spangled Banner"

Haz click aquí para intentar la prueba.

Estadísticas generales

  • Esta prueba ha sido intentada 590 veces
  • La puntuación promedio es 31 de 62

Estadísticas de respuestas

Lyric% Correcto
the
93%
you
88%
can
80%
see
78%
star-
77%
Oh,
74%
we
70%
of
69%
And
68%
and
68%
banner
65%
spangled
64%
say
63%
so
60%
in
59%
by
58%
free
57%
brave
56%
flag
55%
land
55%
home
54%
light
54%
What
52%
our
49%
red
48%
at
47%
early
47%
that
47%
proudly
46%
stars
45%
night
44%
there
44%
stripes
43%
was
43%
dawn's
42%
air
41%
gleaming
41%
fight
40%
last
40%
still
40%
O'er
39%
rocket's
39%
through
39%
bombs
38%
bright
38%
bursting
38%
Gave
38%
hailed
38%
proof
37%
wave
37%
were
37%
glare
36%
Whose
36%
yet
36%
broad
35%
does
35%
gallantly
35%
perilous
35%
streaming
35%
twilight's
35%
watched
35%
ramparts
34%

Distribución de puntuación

Porcentaje por número respondido

Porcentaje de gente con cada puntuación

Historial de tus puntuaciones

No has intentado esta prueba.